000
00314nam a22001337a 4500
999
_c
12172
_d
12172
020
_a
978-93259-7562-0
082
_a
621.31
100
_a
K R Siddhapura
245
_a
A Textbook of Electrical Machines
260
_a
New Delhi
_b
Vikas
_c
2015
300
_a
854
650
_a
Electrical Engineering
942
_c
BK